Impacto de las tecnologías avanzadas sobre el concepto de seguridad : (Record no. 126777)

MARC details
000 -LEADER
campo de control de longitud fija 01376nam a22003977a 4500
001 - NÚMERO DE CONTROL
campo de control 1030475
003 - IDENTIFICADOR DE NÚMERO DE CONTROL
campo de control BJBSDDR
005 - FECHA Y HORA DE LA ÚLTIMA TRANSACCIÓN
campo de control 20260413153551.0
006 - CÓDIGOS DE INFORMACIÓN DE LONGITUD FIJA--CARACTERÍSTICAS DEL MATERIAL ADICIONAL
campo de control de longitud fija a|||||r|||| 00| 0
007 - CAMPO FIJO DE DESCRIPCIÓN FÍSICA--INFORMACIÓN GENERAL
campo de control de longitud fija ta
008 - DATOS DE LONGITUD FIJA--INFORMACIÓN GENERAL
campo de control de longitud fija 881213s1987 sp a r 000 0 spa
010 ## - NÚMERO DE CONTROL DE LA BIBLIOTECA DEL CONGRESO
Número de control de LC 88210715
020 ## - NÚMERO INTERNACIONAL ESTÁNDAR DEL LIBRO
Número Internacional Estándar del Libro 8440408617
020 ## - NÚMERO INTERNACIONAL ESTÁNDAR DEL LIBRO
Número Internacional Estándar del Libro 9788440408617
035 ## - NÚMERO DE CONTROL DEL SISTEMA
Número de control de sistema 1030475
040 ## - FUENTE DE CATALOGACIÓN
Centro catalogador/agencia de origen DLC
Centro/agencia transcriptor DLC
Centro/agencia modificador DLC
Lengua de catalogación spa
041 ## - CÓDIGO DE IDIOMA
Código de lengua del texto/banda sonora o título independiente spa
050 00 - SIGNATURA TOPOGRÁFICA DE LA BIBLIOTECA DEL CONGRESO
Número de clasificación MLCS 93/03873 (A)
Número de ítem l34 1987
245 00 - MENCIÓN DEL TÍTULO
Título Impacto de las tecnologías avanzadas sobre el concepto de seguridad :
Resto del título evolución cultural y tecnológica hacia el siglo XXI /
Mención de responsabilidad, etc. [autores, Manuel Castells ... et al.].
250 ## - MENCION DE EDICION
Mención de edición 1a ed.
260 ## - PUBLICACIÓN, DISTRIBUCIÓN, ETC.
Lugar de publicación, distribución, etc. Madrid :
Nombre del editor, distribuidor, etc. FEPRI :
-- Distribuidor exclusivo, Siglo XXI de España Editores,
Fecha de publicación, distribución, etc. 1987.
300 ## - DESCRIPCIÓN FÍSICA
Extensión viii, 168 páginas :
Otras características físicas illustración ;
Dimensiones 21 cm.
336 ## - TIPO DE CONTENIDO
Término de tipo de contenido text
Código de tipo de contenido txt
Fuente rdacontent
337 ## - TIPO DE MEDIO
Nombre/término del tipo de medio unmediated
Código del tipo de medio n
Fuente rdamedia
338 ## - TIPO DE SOPORTE
Nombre/término del tipo de soporte volume
Código del tipo de soporte nc
Fuente rdacarrier
653 0# - TÉRMINO DE INDIZACIÓN--NO CONTROLADO
Término no controlado Security
700 1# - ENTRADA AGREGADA--NOMBRE PERSONAL
Nombre de persona Castells Oliván, Manuel,
Fechas asociadas al nombre 1942-
9 (RLIN) 5920
700 1# - ENTRADA AGREGADA--NOMBRE PERSONAL
Nombre de persona McGreehan, Robert
9 (RLIN) 47899
700 1# - ENTRADA AGREGADA--NOMBRE PERSONAL
Nombre de persona Gonzalo, Angel Luis
9 (RLIN) 47900
700 1# - ENTRADA AGREGADA--NOMBRE PERSONAL
Nombre de persona Huntzinger, Jacques
9 (RLIN) 47901
906 ## - ELEMENTOS DE DATOS F LOCAL, LDF (RLIN)
a 7
b cbc
c orignew
d 4
e ncip
f 19
g y-gencatlg
942 ## - ELEMENTOS DE ENTRADA SECUNDARIOS (KOHA)
Fuente del sistema de clasificación o colocación Clasificación de Library of Congress
Suprimir en OPAC No
Tipo de ítem Koha Libro
946 ## - PROCESAMIENTO DE INFORMACIÓN LOCAL (OCLC)
Iniciales del agente catalogador llh
Holdings
Estatus retirado Estado de pérdida Fuente del sistema de clasificación o colocación Estado de daño No para préstamo Colección Biblioteca de origen Biblioteca actual Ubicación en estantería Fecha de adquisición Signatura topográfica completa Código de barras Visto por última vez Copia número Tipo de ítem Koha
    Clasificación de Library of Congress     Automatización y Procesos Técnicos Biblioteca Juan Bosch Biblioteca Juan Bosch Automatización y Procesos Técnicos (1er. Piso) 13/04/2026 MLCS 93/03873 (A) l34 1987 00000198512 13/04/2026 1 Libro